000 00485nam a2200193 a 4500
001 1754978128509
003 ACL
005 20250812112947.0
008 250812s2009##################000#0#eng##
020 _a9780521669726
082 0 4 _a972.6501
_bHOU
100 1 _aHouston, Stephen D.,
_eauthor.
245 1 0 _aThe Classic Maya :
260 _bCambridge University Press,
_c2009.
300 _a402 pages
650 0 _aSocial Science.
942 _cENGLISH
040 _aACL
_beng
_cACL
999 _c581052
_d581052